00499nam a2200133Ia 4500008004100000020001800041100002000059245008800079260003900167650001700206856005000223999001900273952007300292171212s9999 xx 000 0 und d a9781922064455 aHemer, Susan R. cHemer, Susan R.aTracing the Melanesian PersonbEmotions and Relationships in Lihir bUniversity of Adelaide Pressc2013 aAnthropology uhttp://jstor.org/stable/10.20851/j.ctt1sq5wbn c352952d352952 001040aCLbCLd2017-12-12l0r2017-12-12 00:00:00w2017-12-12yCBE